Vereine aus dem Ruhrgebiet - Statistiken

Allgemein
  • Dieses Quiz wurde 131 mal gespielt
  • Das Durchschnittsergebnis liegt bei 7 aus 19
Antwortstatistiken
Beste Liga/
(Aktuelle Liga)
Verein % Korrekt
Bundesliga(2. Bundesliga) Schalke 04
96%
Bundesliga(Bundesliga) Borussia Dortmund
95%
Bundesliga(Bundesliga) VfL Bochum
89%
Bundesliga(3. Liga) Rot-Weiß Essen
85%
Bundesliga(Regionalliga) MSV Duisburg
79%
Bundesliga(Regionalliga) Rot-Weiß Oberhausen
62%
Bundesliga(Oberlliga) SG Wattenscheid 09
48%
2. Bundesliga(Oberliga) Schwarz-Weiß Essen
38%
2. Bundesliga(Verbandsliga) Westfalia Herne
20%
Regionalliga(Regionalliga) Türkspor Dortmund
12%
2. Bundesliga(Bezirksliga) 1. FC Mülheim
7%
2. Bundesliga(Verbandsliga) DSC Wanne-Eickel
6%
Regionalliga(Landesliga) FC Kray
5%
Regionalliga(Oberliga) Westfalia Rhynern
4%
2. Bundesliga(Oberliga) SpVgg Erkenschwick
3%
Regionalliga(Oberliga) VfB Homberg
3%
Regionalliga TSG Sprockhövel
2%
Regionalliga(Bezirksliga) VfB Hüls
2%
Regionalliga(Landesliga) TuS Haltern am See
1%
Keine übereinstimmenden Quizze gefunden
Verteilung der Resultate
Anzahl Personen mit jedem Resultat
Perzentil nach korrekt beantworteten Fragen
Ihre Resultats-Entwicklung
Sie haben dieses Quiz noch nicht gespielt